Dopady hospodárskej krízy na ekonomiku Francúzska a SR vyjadrené cez makroekonomické ukazovatele diplomová práca

Gespeichert in:
Bibliographische Detailangaben
1. Verfasser: Harmathová, Soňa
Körperschaft: Podnikovohospodárska fakulta EU so sídlom v Košiciach. Katedra ekonómie
Weitere Verfasser: Pétrová, Rozália
Format: Buch
Sprache:Slowakisch
Veröffentlicht: Košice 2013
Tags: Tag hinzufügen
Keine Tags, Fügen Sie das erste Tag hinzu!

MARC

LEADER 00000nbm a2200000 4500
001 0170228
005 20240827092109.2
041 0 |a slo 
044 |a SK 
245 1 0 |a Dopady hospodárskej krízy na ekonomiku Francúzska a SR vyjadrené cez makroekonomické ukazovatele  |b diplomová práca  |c Soňa Harmathová ; školiteľ: Rozália Pétrová 
264 1 |a Košice  |c 2013 
300 |a 78 s. 
100 1 |a Harmathová, Soňa 
700 1 |a Pétrová, Rozália 
710 2 |a Podnikovohospodárska fakulta EU so sídlom v Košiciach. Katedra ekonómie